O meu primeiro atlas Everest (Registo nº 3789)
[ vista simples ]
| 000 -Etiqueta do registo | |
|---|---|
| Cabeçalho | 00829nam a2200265 4500 |
| 005 - Identificador da versão | |
| Campo de controlo | 20240813122044.0 |
| 095 ## - | |
| -- | PTBN00917021 |
| 010 ## - Número internacional normalizado dos livros (ISBN) | |
| Número (ISBN) | 9727505236 |
| 021 ## - Número do Depósito Legal | |
| Código do país | PT |
| Número | 97909/96 |
| 100 ## - Dados gerais de processamento | |
| Dados gerais de processamento | 19970811d1996 c y0pory5003 ba |
| 102 ## - Pais de publicação ou produção | |
| País de publicação | Portugal |
| 101 1# - Língua de publicação | |
| Língua do texto, banda sonora, etc. | Português |
| Língua do documento no original | Espanhol |
| 215 ## - Descrição física | |
| Indicação específica da natureza do documento e extensão da espécie | 48 p. |
| Outras indicações físicas | todo il. |
| Dimensões | 29 cm |
| 200 1# - Titulo e menção de responsabilidade | |
| Título próprio | O meu primeiro atlas Everest |
| Primeira menção de responsabilidade | il. Ester Madroñero Ferreiro |
| Outras menções de responsabilidade | trad. e adapt. Ana Maria Guedes e Rui Guedes |
| 210 ## - Publicação, Distribuição, etc. | |
| Lugar da edição, distribuição, etc. | Cabra Figa, Rio de Mouro |
| Nome do editor, distribuidor, etc. | Everest |
| Data da publicação, distribuição, etc. | D.L. 1996 |
| 606 ## - Nome comum usado como assunto | |
| Número de registo de entrada de autoridade | 0000208 |
| Palavra de ordem | Atlas geográfico|2CA |
| 675 ## - Classificação Decimal Universal (CDU) | |
| Notação | 912(0.05) |
| Edição | 3ª ed. |
| Língua da edição | por |
| 702 #1 - Nome de autor-pessoa física (responsabilidade secundária) | |
| Número de registo de entrada de autoridade | 0000211 |
| Palavra de ordem | Guedes |
| Outra parte do nome não tomada para palavra de ordem | Ana Maria |
| Datas | 1954- |
| Código de função | Tradutor |
| Número de registo de entrada de autoridade | 0000212 |
| Palavra de ordem | Guedes |
| Outra parte do nome não tomada para palavra de ordem | Rui |
| Datas | 1946-2001 |
| Código de função | Tradutor |
| 700 #1 - Nome de autor-pessoa física (responsabilidade principal) | |
| Número de registo de entrada de autoridade | 0000210 |
| Palavra de ordem | Madroñero Ferreiro |
| Outra parte do nome não tomada para palavra de ordem | Ester |
| 942 ## - Elementos de entrada adicionados (Koha) | |
| Tipo de item no Koha | Livro |
| Situação do levantamento | Origin of item (home branch) (coded) | Biblioteca de empréstimo | Código de barras | Cota | Circulation type (not for loan) | Tipo de documento | Nota do exemplar | Damaged status |
|---|---|---|---|---|---|---|---|---|
| Biblioteca Escolar das Vendas | Biblioteca Escolar das Vendas | BEV1963 | 9GEO ATL | Cativo | Sem mensagem |
